000 00356nam a2200145Ia 4500
005 20251222153541.0
008 251222s9999||||xx |||||||||||||| ||spa||
020 _a9788492981564
082 _a813.6/G81
100 _aGris, José Martín
245 0 _aCuidado con los Deseos, Se Pueden Cumplir
250 _a1ra.ed.
264 _bIntegral
942 _cLIB
999 _c30457
_d30457